Movies Quiz

Random Movies or Clickable Quiz

Movies by Opening Narration Quiz Stats

 Plays Quiz Updated Jun 27, 2015

Challenge
Share
Tweet
Embed
Score 0/30 Timer 10:00
3 Plays Today
% Correct
The Lord of the Rings: The Fellowship of the Ring
94%
Anchorman: The Legend of Ron Burgundy
93.7%
Charlie and the Chocolate Factory
92.7%
Elf
92.2%
The Last Samurai
91.4%
The Jungle Book
91%
How the Grinch Stole Christmas
89.6%
The Wolfman
89.2%
Braveheart
87.4%
Sleeping Beauty
84.1%
Terminator 2: Judgment Day
82.8%
Shrek
81.7%
X-Men
78.6%
The Mummy
76.5%
War of the Worlds
75.6%
% Correct
Hercules
73.4%
George of the Jungle
72.3%
The Nightmare Before Christmas
72.1%
Muppet Treasure Island
71.7%
Bram Stoker's Dracula
71%
Stand By Me
66.9%
Avatar
52.7%
Children of Men
51.6%
Homeward Bound: The Incredible Journey
51.3%
Fever Pitch
49.7%
Almost Heroes
49.7%
Troy
41.4%
The Other Guys
32.8%
Casino
29.1%
Gangs of New York
21.2%

You're not logged in!

Compare scores with friends on all Sporcle quizzes.
Join for Free
OR
Log In

You Might Also Like...

Show Comments

Extras

Top Quizzes Today


Score Distribution

Your Account Isn't Verified!

In order to create a playlist on Sporcle, you need to verify the email address you used during registration. Go to your Sporcle Settings to finish the process.

Report this User

Report this user for behavior that violates our Community Guidelines.

Details: